00573nam a2200193Ia 4500008004100000020001800041050001400059050001400073245003500087245007800122260002300200260000900223300001800232300001100250650002000261650002700281650004200308650002900350160319s9999 xx 000 0 und d a9789712720918 a929.81599 bG786 2008 aGreat men and women of Asia :  bRamon Magsaysay Awardees, 2006-2007 and Awardee Organizations, 1958-2006. bNational Bookstore c1991 axi, 318 p. ;  c23 cm. aAwards -- Asia. aMen -- Asia -- Awards. aRamon Magsaysay awards -- 2006-2007.  aWomen -- Asia -- Awards.